| 000 | 00859nam a2200313Ia 4500 | ||
|---|---|---|---|
| 008 | 171025s9999 xx 000 0 und d | ||
| 020 | _a9780316075800 | ||
| 050 | _a791.43 | ||
| 050 | _bV393 2009 | ||
| 100 | _aVaz, Mark Cotta | ||
| 245 | _aNew moon : | ||
| 245 | _bthe official illustrated movie companion / | ||
| 245 | _cby Mark Cotta Vaz ; novel by Stephenie Meyer. | ||
| 250 | _aFirst edition | ||
| 260 | _aUSA : | ||
| 260 | _bLittle, Brown and company, | ||
| 260 | _c2009 | ||
| 300 | _a141 pages : | ||
| 300 | _bcolored illustrations ; | ||
| 300 | _c27cm. | ||
| 440 | _aThe twilight saga. | ||
| 650 | _aMotion pictures -- | ||
| 650 | _aNew moon (Motion picture : 2009). | ||
| 650 | _aTwilight : tentation (Film). | ||
| 650 | _xSetting and scenery. | ||
| 700 | _aMeyer, Stephenie. | ||
| 700 | _aSeries. | ||
| 700 | _aTitle. | ||
| 999 |
_c344808 _d344808 |
||